000 00909nam a2200277 i 4500
001 bg
245 0 0 _aKompozyty polimerowe :
_bWisła, 22-25.11.2007 r. /
_c[kom. nauk. Maciej Bossak et al.].
260 _aWarszawa :
_bOficyna Wydawnicza Politechniki Warszawskiej,
_c2007.
300 _a378 s. :
_bil. ;
_c23 cm.
490 1 _aPrace Naukowe / Politechnika Warszawska. Mechanika,
_x0137-2335 ;
_vz.219
500 _aTekst częśc. ang.
504 _aBibliogr. przy ref.
546 _aStreszcz. ang. przy ref.
650 9 _aPolimery
650 9 _aKompozyty
655 _aMateriały konferencyjne
700 1 _aBossak. Maciej.
_eRed.
830 0 _aPrace Naukowe - Politechnika Warszawska.
_pMechanika,
_x0137-2335 ;
_vz. 219
022 _a01372335
040 _cBPK
041 0 _apol
_aeng
_beng
044 _aPOL
080 _a678.7(061)
942 _cKS
008 s pl f |000 0 pol
999 _c55083
_d55083
856 _uhttp://koha.tu.koszalin.pl/cgi-bin/koha/opac-detail.pl?biblionumber=55083
_yKatalog online BPK